[Event "Skovbo GM"]
[Site "Borup"]
[Date "2012.09.15"]
[Round "3"]
[White "Schmidt, Horst Hubert"]
[Black "Bekker Jensen, Simon"]
[Result "0-1"]
[WhiteElo "1863"]
[BlackElo "2402"]
[PlyCount "52"]
[EventDate "2012.09.14"]
[EventType "swiss"]
[EventRounds "9"]
[EventCountry "DEN"]
[Source "ChessBase"]
[SourceDate "2012.10.19"]

1. d4 Nf6 2. Nf3 g6 3. c4 Bg7 4. Nc3 O-O 5. e4 d6 6. Be2 Na6 7. O-O e5 8. Be3
Ng4 9. Bg5 Qe8 10. h3 h6 11. hxg4 hxg5 12. dxe5 dxe5 13. Nxg5 Qe7 14. Nh3 c6
15. a3 Nc5 16. b4 Rd8 17. Qc2 Ne6 18. f3 Bh6 19. Rfd1 Nd4 20. Qb2 Qh4 21. Rd3
Be6 22. Rdd1 Qg3 23. Kf1 Rd6 24. Na4 Rad8 25. Nc5 Nxe2 26. Qxe2 Bxc4 0-1

[Event "Skovbo GM"]
[Site "Borup"]
[Date "2012.09.15"]
[Round "3"]
[White "Semcesen, Daniel"]
[Black "Andersen, Daniel"]
[Result "1-0"]
[WhiteElo "2466"]
[BlackElo "1890"]
[PlyCount "77"]
[EventDate "2012.09.14"]
[EventType "swiss"]
[EventRounds "9"]
[EventCountry "DEN"]
[Source "ChessBase"]
[SourceDate "2012.10.19"]

1. d4 Nf6 2. c4 g6 3. Nc3 d5 4. Qb3 dxc4 5. Qxc4 Bg7 6. e4 O-O 7. Be2 Nc6 8.
Nf3 Bg4 9. Be3 Nd7 10. O-O-O Nb6 11. Qc5 Qd6 12. h3 Bxf3 13. gxf3 Rfd8 14. e5
Qd7 15. d5 Nxe5 16. f4 c6 17. dxc6 Qxc6 18. fxe5 Qxc5 19. Bxc5 Bxe5 20. Bxe7
Re8 21. Bc5 Bxc3 22. Be3 Bg7 23. Kb1 Rac8 24. Bf3 Rc4 25. Rd3 Rc7 26. Rhd1 Nc4
27. Bc1 Ne5 28. Rd8 Rc8 29. Rxc8 Rxc8 30. Bxb7 Rb8 31. Bd5 Rd8 32. Bg5 Rd7 33.
Rd2 h6 34. Be3 Kh7 35. f4 Re7 36. fxe5 Bxe5 37. Bc5 Rd7 38. b4 f5 39. Bg8+ 1-0

[Event "Skovbo GM"]
[Site "Borup"]
[Date "2012.09.15"]
[Round "3"]
[White "Skovle, Lars"]
[Black "Pedersen, Hans Dahl"]
[Result "0-1"]
[WhiteElo "1658"]
[BlackElo "2211"]
[PlyCount "94"]
[EventDate "2012.09.14"]
[EventType "swiss"]
[EventRounds "9"]
[EventCountry "DEN"]
[Source "ChessBase"]
[SourceDate "2012.10.19"]

1. e4 c5 2. Nf3 e6 3. Nc3 a6 4. a4 Qc7 5. Bc4 Nf6 6. O-O Nc6 7. Re1 Bd6 8. h3
O-O 9. d3 h6 10. Be3 b6 11. Qd2 Ne5 12. Nxe5 Bxe5 13. f4 Bxc3 14. Qxc3 d5 15.
e5 Ne8 16. d4 cxd4 17. Qxd4 dxc4 18. Rad1 Bb7 19. Qxb6 Bd5 20. Qb4 Rc8 21. Bb6
Qc6 22. Re2 Nc7 23. Bc5 Rfd8 24. Bd6 Ne8 25. Be7 Rd7 26. Bh4 Qc5+ 27. Qxc5 Rxc5
28. Be1 Nc7 29. Bb4 Rc6 30. Red2 Na8 31. a5 Nc7 32. c3 Nb5 33. Kf2 Rc8 34. Ke3
Na7 35. Ra1 Rb7 36. Bd6 Nc6 37. Ra4 Rb5 38. Bb4 Rcb8 39. Ba3 Rxa5 40. Rxa5 Nxa5
41. g3 Rb5 42. Bb4 Nb3 43. Rf2 Nc5 44. Bxc5 Rxc5 45. Kd2 Ra5 46. Ke3 Ra1 47.
Re2 Rg1 0-1

[Event "Skovbo GM"]
[Site "Borup"]
[Date "2012.09.15"]
[Round "3"]
[White "Smith, Axel"]
[Black "Christensen, Casper"]
[Result "1-0"]
[WhiteElo "2503"]
[BlackElo "1995"]
[PlyCount "105"]
[EventDate "2012.09.14"]
[EventType "swiss"]
[EventRounds "9"]
[EventCountry "DEN"]
[Source "ChessBase"]
[SourceDate "2012.10.19"]

1. d4 g6 2. c4 Nf6 3. Nc3 Bg7 4. e4 d6 5. Be2 O-O 6. Nf3 e5 7. O-O Nc6 8. d5
Ne7 9. b4 Ne8 10. c5 f5 11. Nd2 a5 12. Ba3 fxe4 13. Ndxe4 Nf5 14. bxa5 Rxa5 15.
Bb4 Ra8 16. a4 Nd4 17. cxd6 Nxd6 18. Bxd6 cxd6 19. Nb5 Nxb5 20. Bxb5 Bf5 21.
Nd2 Qg5 22. Ra3 Rac8 23. Nc4 Rfd8 24. Rg3 Qf6 25. Qd2 Rc5 26. Rc3 e4 27. Rcc1
Qf8 28. Ne3 Rdc8 29. Rxc5 Rxc5 30. Rc1 Qc8 31. Rxc5 Qxc5 32. Nxf5 gxf5 33. Bd7
Qa3 34. g3 Qa1+ 35. Kg2 Qe5 36. Be6+ Kf8 37. Qg5 Qf6 38. Qxf6+ Bxf6 39. Bxf5 e3
40. f4 h6 41. Kf3 Bd4 42. Bd3 b6 43. Ke4 Bc5 44. Kf5 Kf7 45. g4 Bd4 46. g5 hxg5
47. fxg5 Bc5 48. h4 Bd4 49. h5 Kg7 50. h6+ Kf7 51. g6+ Kf8 52. g7+ Kf7 53. Be2
1-0

[Event "Skovbo GM"]
[Site "Borup"]
[Date "2012.09.15"]
[Round "3"]
[White "Solodovnichenko, Yuri"]
[Black "Olsen, Michael Richard W"]
[Result "1-0"]
[WhiteElo "2602"]
[BlackElo "1997"]
[PlyCount "51"]
[EventDate "2012.09.14"]
[EventType "swiss"]
[EventRounds "9"]
[EventCountry "DEN"]
[Source "ChessBase"]
[SourceDate "2012.10.19"]

1. g3 c6 2. Nf3 d6 3. Bg2 Nf6 4. O-O Qc7 5. d3 h6 6. e4 Bg4 7. h3 Bd7 8. Re1 e6
9. c4 Nh7 10. Nc3 Be7 11. d4 O-O 12. Be3 g5 13. h4 f5 14. exf5 exf5 15. hxg5
hxg5 16. d5 Rf7 17. dxc6 bxc6 18. Nd4 f4 19. gxf4 gxf4 20. Bxf4 Qd8 21. Bg3 Bf8
22. Ne6 Bxe6 23. Rxe6 a6 24. Ne4 d5 25. cxd5 cxd5 26. Nd6 1-0

[Event "Skovbo GM"]
[Site "Borup"]
[Date "2012.09.15"]
[Round "3"]
[White "Sriram, Jha"]
[Black "Hansen, Erik Levin"]
[Result "1-0"]
[WhiteElo "2422"]
[BlackElo "1753"]
[PlyCount "80"]
[EventDate "2012.09.14"]
[EventType "swiss"]
[EventRounds "9"]
[EventCountry "DEN"]
[Source "ChessBase"]
[SourceDate "2012.10.19"]

1. d4 Nf6 2. c4 g6 3. Nc3 d5 4. Bf4 Bg7 5. e3 O-O 6. Rc1 c5 7. dxc5 Qa5 8. Nf3
Ne4 9. cxd5 Bxc3+ 10. bxc3 Qxa2 11. Be2 Rd8 12. Qd4 Qxd5 13. Bc4 Qxd4 14. cxd4
Nc6 15. O-O Nb4 16. Ng5 Nxg5 17. Bxg5 Kf8 18. Rfd1 Be6 19. e4 Bxc4 20. Rxc4 Nc6
21. d5 Ne5 22. Rb4 Rd7 23. f4 Nc6 24. Ra4 Nd8 25. Rda1 a6 26. Rc4 Rc8 27. c6
bxc6 28. Rxa6 f6 29. Bh4 Rdc7 30. d6 exd6 31. Bxf6 Ne6 32. g3 Kf7 33. Bb2 Nc5
34. Ra2 Nd7 35. Rd4 Ke6 36. f5+ gxf5 37. exf5+ Kxf5 38. Rxd6 Re8 39. Bc3 Ne5
40. Rf2+ Kg4 1-0

[Event "Skovbo GM"]
[Site "Borup"]
[Date "2012.09.15"]
[Round "3"]
[White "Stojanovski, Sandi"]
[Black "Rasmussen, Henning Lau"]
[Result "1-0"]
[WhiteElo "2214"]
[BlackElo "1783"]
[PlyCount "109"]
[EventDate "2012.09.14"]
[EventType "swiss"]
[EventRounds "9"]
[EventCountry "DEN"]
[Source "ChessBase"]
[SourceDate "2012.10.19"]

1. d4 Nf6 2. c4 c5 3. d5 b5 4. cxb5 a6 5. e3 g6 6. Nc3 Bg7 7. Nf3 O-O 8. a4 d6
9. e4 axb5 10. Bxb5 Ba6 11. Bf4 Bxb5 12. axb5 Rxa1 13. Qxa1 Nbd7 14. O-O Qc7
15. Qa2 Nb6 16. Ra1 Nfd7 17. h3 Ra8 18. Qb1 Qb7 19. Bg5 Nc8 20. Rxa8 Qxa8 21.
Qc1 Qa5 22. Kh2 f6 23. Be3 Na7 24. Qc2 Nxb5 25. Nxb5 Qxb5 26. Nd2 Nb6 27. b3
Qa5 28. Nc4 Nxc4 29. Qxc4 Kf7 30. g4 Qa8 31. Qb5 Qe8 32. Qb7 Kf8 33. Kg2 Kf7
34. Kf1 Kf8 35. Ke2 Kf7 36. Kd3 Kf8 37. Kc4 Kf7 38. Bd2 Kf8 39. Ba5 Bh6 40. Bc7
Bf4 41. Qc6 g5 42. Kb5 h6 43. Kb6 Be5 44. Kb7 Bf4 45. Ba5 Kf7 46. Bc7 Kf8 47.
Ba5 Kf7 48. f3 Kf8 49. Kc7 Kf7 50. Bb6 Kf8 51. Qd7 Kf7 52. Qf5 Kg7 53. h4 Bg3
54. h5 Bf4 55. Qg6+ 1-0

[Event "Skovbo GM"]
[Site "Borup"]
[Date "2012.09.15"]
[Round "3"]
[White "Vijayalakshmi, Subbaraman"]
[Black "Zubarev, Alexander2"]
[Result "1/2-1/2"]
[WhiteElo "2387"]
[BlackElo "2590"]
[PlyCount "110"]
[EventDate "2012.09.14"]
[EventType "swiss"]
[EventRounds "9"]
[EventCountry "DEN"]
[Source "ChessBase"]
[SourceDate "2012.10.19"]

1. Nf3 Nf6 2. g3 d5 3. Bg2 c6 4. O-O Bg4 5. d4 Nbd7 6. b3 e6 7. c4 Be7 8. Bb2
O-O 9. Nbd2 a5 10. a3 h6 11. Re1 Bf5 12. Ne5 Nxe5 13. dxe5 Ne4 14. Nxe4 dxe4
15. e3 Qb6 16. Qc2 Rfd8 17. Bd4 c5 18. Bc3 a4 19. bxa4 Qa6 20. Bxe4 Qxc4 21.
Bxf5 exf5 22. a5 Rd3 23. Rec1 Rad8 24. Be1 Qe4 25. Rab1 R8d7 26. Qc4 Qxc4 27.
Rxc4 Rxa3 28. Kg2 Ra2 29. Rcc1 Rc7 30. Bc3 Kf8 31. Ra1 Rxa1 32. Rxa1 Ke8 33.
Rb1 Kd7 34. Kf3 Kc6 35. Ke2 Kd5 36. Kd3 c4+ 37. Ke2 Bc5 38. Rd1+ Ke6 39. Rd8 h5
40. f4 g6 41. h3 Be7 42. Rd4 Bc5 43. Rxc4 Bb6 44. Rxc7 Bxc7 45. Kd3 Kd5 46. g4
hxg4 47. hxg4 Bd8 48. g5 Be7 49. Bd4 Bb4 50. Bb6 Be1 51. Ke2 Bb4 52. Kf3 Bd2
53. Bd8 Bb4 54. Bc7 Bc3 55. Bb6 Bb4 1/2-1/2

[Event "Skovbo GM"]
[Site "Borup"]
[Date "2012.09.16"]
[Round "4"]
[White "Andersen, Bjarne Hjorth"]
[Black "Lindgren, Philip"]
[Result "1/2-1/2"]
[WhiteElo "2035"]
[BlackElo "2256"]
[PlyCount "144"]
[EventDate "2012.09.14"]
[EventType "swiss"]
[EventRounds "9"]
[EventCountry "DEN"]
[Source "ChessBase"]
[SourceDate "2012.10.19"]

1. e4 c6 2. d4 d5 3. Nc3 dxe4 4. Nxe4 Nd7 5. Bc4 Ngf6 6. Nxf6+ Nxf6 7. Nf3 Bf5
8. c3 e6 9. Bf4 Be7 10. Qe2 Bg4 11. h3 Bxf3 12. Qxf3 O-O 13. O-O a5 14. Bg5 Nd5
15. Bxd5 cxd5 16. Bxe7 Qxe7 17. Rfe1 Qd7 18. Qd3 b5 19. a3 Ra7 20. Rec1 Rc8 21.
Rc2 g6 22. Qe2 Rac7 23. Rac1 Qd6 24. h4 f6 25. g3 Kf7 26. Re1 Qb6 27. Qe3 h5
28. Rce2 Rc6 29. Qh6 Rg8 30. Qf4 Kg7 31. Qd2 Re8 32. Kg2 Re7 33. Re3 Rd6 34.
R3e2 Rc7 35. Qf4 Rc8 36. Re3 Rdc6 37. Rf3 Rf8 38. Qd2 Rf7 39. Re2 Qb8 40. Rfe3
Re7 41. Qe1 Kf7 42. Rf3 Rb6 43. Qd2 Kg7 44. Rfe3 Qd6 45. f4 Rbb7 46. Qe1 Kf7
47. Qf2 b4 48. axb4 axb4 49. Qe1 bxc3 50. bxc3 Rb3 51. Kh2 Qb6 52. Kg2 Rb1 53.
Qf2 Qb3 54. Re1 Rb2 55. R1e2 Rb1 56. Re1 Rxe1 57. Qxe1 Qc2+ 58. Qe2 Qf5 59. Qd3
Qg4 60. Qe2 Ra7 61. Qxg4 hxg4 62. Kf2 Ra2+ 63. Re2 Rxe2+ 64. Kxe2 Ke7 65. Kd3
Kd6 66. Kd2 Kc6 67. Ke3 Kb6 68. Kd2 Ka5 69. Kc2 Ka4 70. Kb2 Kb5 71. Kb3 Kb6 72.
Kb4 f5 1/2-1/2

[Event "Skovbo GM"]
[Site "Borup"]
[Date "2012.09.16"]
[Round "4"]
[White "Andersen, Daniel"]
[Black "Larsen, Karsten"]
[Result "0-1"]
[WhiteElo "1890"]
[BlackElo "2288"]
[PlyCount "24"]
[EventDate "2012.09.14"]
[EventType "swiss"]
[EventRounds "9"]
[EventCountry "DEN"]
[Source "ChessBase"]
[SourceDate "2012.10.19"]

1. c4 g6 2. e4 Bg7 3. d4 d6 4. Nc3 Nc6 5. Be3 e5 6. d5 Nce7 7. Qd2 f5 8. f3 Nf6
9. Bd3 O-O 10. O-O-O fxe4 11. Nxe4 Nf5 12. Bf2 Nxe4 0-1

[Event "Skovbo GM"]
[Site "Borup"]
[Date "2012.09.16"]
[Round "4"]
[White "Antonsen, Mikkel"]
[Black "Danielsen, Henrik"]
[Result "0-1"]
[WhiteElo "2445"]
[BlackElo "2509"]
[PlyCount "68"]
[EventDate "2012.09.14"]
[EventType "swiss"]
[EventRounds "9"]
[EventCountry "DEN"]
[Source "ChessBase"]
[SourceDate "2012.10.19"]

1. d4 d6 2. e4 Nf6 3. f3 e5 4. dxe5 dxe5 5. Qxd8+ Kxd8 6. Bc4 Ke8 7. Be3 Nbd7
8. Nd2 Bc5 9. Kf2 c6 10. a4 a5 11. Ne2 Ke7 12. Nc1 Rd8 13. Nd3 Bxe3+ 14. Kxe3
Ne8 15. h4 b6 16. g4 Nd6 17. g5 Bb7 18. h5 Rh8 19. f4 exf4+ 20. Kxf4 Rad8 21.
Bb3 Ba6 22. e5 Ne8 23. Bc4 Bxc4 24. Nxc4 Nc7 25. Kg4 Nc5 26. Nd6 Nxd3 27. cxd3
Ne8 28. Nf5+ Ke6 29. Rac1 c5 30. d4 g6 31. hxg6 fxg6 32. Nd6 Nxd6 33. exd6 cxd4
34. Rhf1 Rxd6 0-1

[Event "Skovbo GM"]
[Site "Borup"]
[Date "2012.09.16"]
[Round "4"]
[White "Bekker Jensen, Simon"]
[Black "Smith, Axel"]
[Result "0-1"]
[WhiteElo "2402"]
[BlackElo "2503"]
[PlyCount "80"]
[EventDate "2012.09.14"]
[EventType "swiss"]
[EventRounds "9"]
[EventCountry "DEN"]
[Source "ChessBase"]
[SourceDate "2012.10.19"]

1. d4 Nf6 2. c4 g6 3. g3 Bg7 4. Bg2 O-O 5. Nc3 d6 6. Nf3 c6 7. O-O Nbd7 8. e4
e5 9. h3 Qa5 10. Re1 exd4 11. Nxd4 Ne5 12. Bf1 Re8 13. Be3 c5 14. Ndb5 Nxe4 15.
Nxe4 Qxe1 16. Qxe1 Nf3+ 17. Kh1 Nxe1 18. Nexd6 Rxe3 19. fxe3 Nc2 20. Rc1 Nxe3
21. Re1 Bh6 22. Bg2 Be6 23. Bxb7 Rd8 24. Kh2 Bxc4 25. Nxc4 Nxc4 26. Re2 Rb8 27.
Bc6 a6 28. Nc7 Nxb2 29. Bd5 c4 30. Nxa6 Rd8 31. Nb4 c3 32. Nc6 Rd7 33. Kg2 Bd2
34. Bb3 Nd3 35. Re7 Rxe7 36. Nxe7+ Kf8 37. Nd5 c2 38. Bxc2 Ne1+ 39. Kf2 Nxc2
40. Ke2 Ba5 0-1

[Event "Skovbo GM"]
[Site "Borup"]
[Date "2012.09.16"]
[Round "4"]
[White "Christophersen, David"]
[Black "Molvig, Henrik"]
[Result "0-1"]
[WhiteElo "1839"]
[BlackElo "2198"]
[PlyCount "88"]
[EventDate "2012.09.14"]
[EventType "swiss"]
[EventRounds "9"]
[EventCountry "DEN"]
[Source "ChessBase"]
[SourceDate "2012.10.19"]

1. d4 Nf6 2. Nc3 d5 3. Bf4 c5 4. e3 e6 5. a3 Be7 6. dxc5 Bxc5 7. Bb5+ Nc6 8.
Nf3 O-O 9. O-O a6 10. Bxc6 bxc6 11. Ne2 a5 12. Ne5 Qb6 13. Rb1 Nd7 14. b4 axb4
15. axb4 Be7 16. c4 Bf6 17. c5 Qa6 18. Ng4 Qc4 19. Nxf6+ Nxf6 20. Nd4 Bd7 21.
Be5 Ne8 22. Qg4 Ra4 23. Rfc1 Rxb4 24. Ra1 Ra4 25. Rab1 Qa6 26. Rb8 Ra1 27. Nb3
Rxc1+ 28. Nxc1 f6 29. Bb2 Qa5 30. g3 Qxc5 31. Rb7 Qd6 32. Nd3 c5 33. Ba3 Bc8
34. Bxc5 Qa6 35. Rb3 Rf7 36. Ra3 Qc6 37. Qb4 Rb7 38. Qe1 Rb5 39. Bd4 e5 40. Rc3
Qb7 41. Bc5 Bh3 42. Rc2 Bf5 43. Qd2 Rb1+ 44. Rc1 Bxd3 0-1

[Event "Skovbo GM"]
[Site "Borup"]
[Date "2012.09.16"]
[Round "4"]
[White "Eriksson, Christian Altenburg"]
[Black "Kristiansen, Jens"]
[Result "0-1"]
[WhiteElo "2118"]
[BlackElo "2430"]
[PlyCount "118"]
[EventDate "2012.09.14"]
[EventType "swiss"]
[EventRounds "9"]
[EventCountry "DEN"]
[Source "ChessBase"]
[SourceDate "2012.10.19"]

1. e4 g6 2. d4 Bg7 3. Nc3 d6 4. Nf3 Nf6 5. Be2 O-O 6. O-O c6 7. a4 Nbd7 8. a5
Qc7 9. Be3 Ng4 10. Bg5 Re8 11. h3 Ngf6 12. Qd2 e5 13. dxe5 dxe5 14. Bc4 Nc5 15.
Rfe1 Be6 16. Qe3 Nfd7 17. Bf1 b6 18. Bh6 f6 19. Bxg7 Kxg7 20. axb6 axb6 21. b4
Nb7 22. b5 Nd6 23. Nd2 Nc5 24. f3 Red8 25. Reb1 Qd7 26. Rxa8 Rxa8 27. bxc6 Qxc6
28. Nd5 Bxd5 29. exd5 Qxd5 30. Rxb6 Nf5 31. Qf2 Ra1 32. Rb1 Rxb1 33. Nxb1 Ne6
34. Nc3 Qa5 35. Ne4 h5 36. g4 Ne7 37. gxh5 gxh5 38. Qg3+ Ng6 39. Qf2 h4 40. Nd6
Nd4 41. Ne4 f5 42. c3 Ne6 43. Nd6 Kf6 44. Nb5 Qd8 45. Kh1 Qd1 46. Qe2 Qc1 47.
Qf2 Ng5 48. Kh2 Nf4 49. Bg2 Kg6 50. Qb6+ Nge6 51. Qf2 Qb1 52. Nd6 Qd3 53. Nc8
Qxc3 54. Ne7+ Kg5 55. Bf1 Qd4 56. Qg1+ Qxg1+ 57. Kxg1 Kf6 58. Nc8 Ng5 59. Nd6
Nxf3+ 0-1

[Event "Skovbo GM"]
[Site "Borup"]
[Date "2012.09.16"]
[Round "4"]
[White "Hansen, Janech"]
[Black "Skovle, Lars"]
[Result "1-0"]
[WhiteElo "1599"]
[BlackElo "1658"]
[PlyCount "89"]
[EventDate "2012.09.14"]
[EventType "swiss"]
[EventRounds "9"]
[EventCountry "DEN"]
[Source "ChessBase"]
[SourceDate "2012.10.19"]

1. e4 Nf6 2. e5 Nd5 3. d4 d6 4. Bc4 c6 5. Nf3 Bg4 6. h3 Bh5 7. Be2 Nd7 8. c4
Nc7 9. Nbd2 d5 10. O-O h6 11. Re1 g5 12. Nh2 Bg6 13. Bh5 Ne6 14. Bxg6 fxg6 15.
cxd5 cxd5 16. Nb3 Bg7 17. Qg4 Qb6 18. Bd2 O-O 19. Ba5 Qa6 20. g3 Rf5 21. Bb4
Kf7 22. Nf1 h5 23. Qd1 Ke8 24. Ne3 Nb6 25. Nxf5 gxf5 26. Qxh5+ Kd7 27. Qd1 Nc4
28. Bc3 f4 29. Kg2 Qc6 30. Qf3 Rc8 31. a4 a5 32. Nc1 b5 33. axb5 Qxb5 34. b3
Nb6 35. Rxa5 Qc6 36. Ra7+ Ke8 37. Na2 Kf7 38. Bb2 Qc2 39. Re2 Qf5 40. g4 Qh7
41. Nb4 Rd8 42. Nc6 Rd7 43. Rxd7 Nxd7 44. Qxd5 Ndf8 45. Nd8+ 1-0

[Event "Skovbo GM"]
[Site "Borup"]
[Date "2012.09.16"]
[Round "4"]
[White "Hubka, Roland"]
[Black "Andersen, Troels Baekgaard"]
[Result "1/2-1/2"]
[WhiteElo "2000"]
[BlackElo "1771"]
[PlyCount "69"]
[EventDate "2012.09.14"]
[EventType "swiss"]
[EventRounds "9"]
[EventCountry "DEN"]
[Source "ChessBase"]
[SourceDate "2012.10.19"]

1. c4 Nf6 2. Nc3 c5 3. g3 g6 4. Bg2 Bg7 5. Nf3 O-O 6. O-O Nc6 7. d3 b6 8. a3
Bb7 9. Rb1 a5 10. Bd2 e6 11. Nb5 d5 12. Bf4 Ne8 13. cxd5 exd5 14. d4 Ba6 15. a4
Bxb5 16. axb5 Nxd4 17. Nxd4 cxd4 18. Qb3 Nc7 19. Bxc7 Qxc7 20. Rbc1 Qe5 21.
Bxd5 Rad8 22. Bc4 d3 23. exd3 Qxb2 24. Qxb2 Bxb2 25. Rc2 Bd4 26. Re1 Rfe8 27.
Rce2 Kf8 28. Kg2 Rxe2 29. Rxe2 Re8 30. Rxe8+ Kxe8 31. f4 Ke7 32. g4 h6 33. Kf3
f5 34. h3 a4 35. h4 1/2-1/2

[Event "Skovbo GM"]
[Site "Borup"]
[Date "2012.09.16"]
[Round "4"]
[White "Jepson, Christian"]
[Black "Nielsen, Jens Holm"]
[Result "1-0"]
[WhiteElo "2388"]
[BlackElo "1903"]
[PlyCount "37"]
[EventDate "2012.09.14"]
[EventType "swiss"]
[EventRounds "9"]
[EventCountry "DEN"]
[Source "ChessBase"]
[SourceDate "2012.10.19"]

1. d4 d5 2. c4 c6 3. Nf3 Nf6 4. e3 g6 5. Nc3 a6 6. a4 a5 7. cxd5 cxd5 8. Ne5
Bg7 9. Bb5+ Nbd7 10. Qf3 e6 11. e4 O-O 12. Bg5 h6 13. Nxd7 Bxd7 14. Bxf6 Bxf6
15. Bxd7 Bxd4 16. Bb5 Bxc3+ 17. bxc3 Qh4 18. exd5 exd5 19. O-O 1-0

[Event "Skovbo GM"]
[Site "Borup"]
[Date "2012.09.16"]
[Round "4"]
[White "Jorgensen, Brian Jorgen"]
[Black "Hansen, Lars Henrik Bech"]
[Result "1-0"]
[WhiteElo "2244"]
[BlackElo "2013"]
[PlyCount "81"]
[EventDate "2012.09.14"]
[EventType "swiss"]
[EventRounds "9"]
[EventCountry "DEN"]
[Source "ChessBase"]
[SourceDate "2012.10.19"]

1. d4 g6 2. c4 Nf6 3. Nc3 Bg7 4. e4 d6 5. Nf3 O-O 6. Be2 e5 7. O-O Nc6 8. Be3
Ng4 9. Bg5 f6 10. Bc1 f5 11. d5 Ne7 12. Nd2 Nf6 13. f3 f4 14. a4 a5 15. c5 g5
16. cxd6 cxd6 17. Nc4 Ne8 18. Bd2 Bd7 19. Be1 Rf6 20. Bf2 Nc8 21. b4 axb4 22.
Nb5 Bxb5 23. axb5 Rxa1 24. Qxa1 Nc7 25. Qa5 Qd7 26. Nb6 Nxb6 27. Bxb6 Ne8 28.
Qxb4 h5 29. Rc1 Bf8 30. Qc4 Rf7 31. Qc8 Nf6 32. Qb8 Ne8 33. Rc8 Nf6 34. Rc7 Qe8
35. Qxb7 Rxc7 36. Bxc7 g4 37. Qc6 gxf3 38. Qxe8 Nxe8 39. gxf3 Nxc7 40. b6 Nxd5
41. Bc4 1-0

[Event "Skovbo GM"]
[Site "Borup"]
[Date "2012.09.16"]
[Round "4"]
[White "Kunin, Vitaly L"]
[Black "Pedersen, Sven"]
[Result "1-0"]
[WhiteElo "2511"]
[BlackElo "2121"]
[PlyCount "65"]
[EventDate "2012.09.14"]
[EventType "swiss"]
[EventRounds "9"]
[EventCountry "DEN"]
[Source "ChessBase"]
[SourceDate "2012.10.19"]

1. d4 d5 2. c4 c6 3. Nf3 Nf6 4. Nc3 e6 5. Qd3 Nbd7 6. g3 g6 7. Bg2 Bg7 8. O-O
O-O 9. e4 dxe4 10. Nxe4 Nxe4 11. Qxe4 c5 12. Be3 cxd4 13. Bxd4 Bxd4 14. Qxd4
Qe7 15. Rad1 a5 16. Ne5 Nxe5 17. Qxe5 Qb4 18. c5 a4 19. a3 Qb5 20. h4 Ra5 21.
Rc1 Qd3 22. Rfd1 Qf5 23. Qxf5 gxf5 24. Rd4 e5 25. Rb4 e4 26. g4 Re8 27. gxf5
Re5 28. Rxe4 Raxc5 29. Rxc5 Rxc5 30. Rxa4 Bxf5 31. Bxb7 Rb5 32. Rb4 Rxb4 33.
axb4 1-0

[Event "Skovbo GM"]
[Site "Borup"]
[Date "2012.09.16"]
[Round "4"]
[White "Marthedal, Anton Mehmet Yildiz"]
[Black "Kokholm, Daniel"]
[Result "0-1"]
[WhiteElo "1352"]
[BlackElo "1914"]
[PlyCount "58"]
[EventDate "2012.09.14"]
[EventType "swiss"]
[EventRounds "9"]
[EventCountry "DEN"]
[Source "ChessBase"]
[SourceDate "2012.10.19"]

1. c4 Nc6 2. Nc3 e5 3. g3 Nf6 4. Bg2 Bc5 5. Nf3 d6 6. O-O Be6 7. d3 h6 8. h3 a6
9. a4 Qd7 10. Be3 Bxe3 11. fxe3 Bxh3 12. Nd5 Nxd5 13. cxd5 Ne7 14. Qb3 Bxg2 15.
Kxg2 O-O 16. Rac1 c6 17. dxc6 bxc6 18. e4 Rab8 19. Qa2 Qb7 20. Rb1 Qb3 21. Qa1
Rb4 22. Nd2 Qc2 23. Rbd1 Rxb2 24. Qa3 c5 25. Kf3 f5 26. Ke3 d5 27. Rfe1 fxe4
28. Nc4 Rf3+ 29. exf3 Qf2# 0-1

[Event "Skovbo GM"]
[Site "Borup"]
[Date "2012.09.16"]
[Round "4"]
[White "Miezis, Normunds"]
[Black "Mikkelsen, Nikolaj"]
[Result "1-0"]
[WhiteElo "2574"]
[BlackElo "2425"]
[PlyCount "51"]
[EventDate "2012.09.14"]
[EventType "swiss"]
[EventRounds "9"]
[EventCountry "DEN"]
[Source "ChessBase"]
[SourceDate "2012.10.19"]

1. c4 e5 2. g3 d6 3. Bg2 f5 4. d4 Be7 5. Nc3 Nf6 6. Nf3 e4 7. Ng5 O-O 8. f3
exf3 9. exf3 c6 10. O-O Na6 11. Re1 Nc7 12. d5 Nd7 13. f4 h6 14. dxc6 bxc6 15.
Bxc6 hxg5 16. Nd5 Bf6 17. Nxc7 Qxc7 18. Bd5+ Rf7 19. Bxa8 Nb6 20. Re8+ Rf8 21.
Bd5+ Nxd5 22. Qxd5+ Kh7 23. Rxf8 Qe7 24. Qg8+ Kg6 25. Rxf6+ Kxf6 26. Bd2 1-0

[Event "Skovbo GM"]
[Site "Borup"]
[Date "2012.09.16"]
[Round "4"]
[White "Nilssen, John Arni"]
[Black "Knudsen, Jes West"]
[Result "1-0"]
[WhiteElo "2372"]
[BlackElo "1892"]
[PlyCount "35"]
[EventDate "2012.09.14"]
[EventType "swiss"]
[EventRounds "9"]
[EventCountry "DEN"]
[Source "ChessBase"]
[SourceDate "2012.10.19"]

1. d4 f5 2. Nc3 Nf6 3. Bg5 d5 4. Qd2 Nbd7 5. f3 c6 6. O-O-O e5 7. e4 exd4 8.
Qxd4 Bc5 9. Qd2 fxe4 10. fxe4 d4 11. Na4 Nxe4 12. Re1 O-O 13. Bc4+ Kh8 14. Rxe4
Qc7 15. Nxc5 Nxc5 16. Re7 Qb6 17. Bh6 Ne6 18. Bxg7+ 1-0

[Event "Skovbo GM"]
[Site "Borup"]
[Date "2012.09.16"]
[Round "4"]
[White "Olsen, Michael Richard W"]
[Black "Brondum, Jan Kraul"]
[Result "1-0"]
[WhiteElo "1997"]
[BlackElo "1625"]
[PlyCount "67"]
[EventDate "2012.09.14"]
[EventType "swiss"]
[EventRounds "9"]
[EventCountry "DEN"]
[Source "ChessBase"]
[SourceDate "2012.10.19"]

1. e4 e5 2. Nf3 d6 3. d4 f5 4. dxe5 fxe4 5. Ng5 d5 6. e6 Nh6 7. Nf7 Nxf7 8.
exf7+ Kxf7 9. Be2 c6 10. Be3 Be7 11. c3 Be6 12. Nd2 Rf8 13. Nb3 b6 14. Nd4 Bd7
15. Qd2 a5 16. Nc2 Na6 17. O-O Nc5 18. Rad1 Kg8 19. Qc1 Qe8 20. c4 Qg6 21. Ne1
Nd3 22. Nxd3 Bh3 23. Ne1 Bb4 24. Bd2 Bc5 25. Qc3 e3 26. Bxe3 Bd6 27. Bxb6 Bd7
28. a3 Rae8 29. Be3 Be5 30. Qc2 Bf5 31. Bd3 Bxd3 32. Qxd3 Qh5 33. g3 dxc4 34.
Qxc4+ 1-0

[Event "Skovbo GM"]
[Site "Borup"]
[Date "2012.09.16"]
[Round "4"]
[White "Pedersen, Hans Dahl"]
[Black "Schmidt, Horst Hubert"]
[Result "0-1"]
[WhiteElo "2211"]
[BlackElo "1863"]
[PlyCount "112"]
[EventDate "2012.09.14"]
[EventType "swiss"]
[EventRounds "9"]
[EventCountry "DEN"]
[Source "ChessBase"]
[SourceDate "2012.10.19"]

1. c4 e6 2. g3 Nf6 3. Bg2 Be7 4. Nf3 O-O 5. O-O d5 6. b3 c6 7. Bb2 Nbd7 8. d3
a5 9. Nc3 b6 10. e4 dxe4 11. Nxe4 Bb7 12. Nd4 Qc7 13. Qe2 a4 14. Ng5 Qd6 15. b4
h6 16. c5 bxc5 17. bxc5 Nxc5 18. Ne4 Ncxe4 19. dxe4 Ba6 20. e5 Qxd4 21. Bxd4
Bxe2 22. Rfe1 Bb5 23. exf6 Bxf6 24. Bxf6 gxf6 25. Rac1 Rac8 26. Rc5 Rfd8 27.
Rec1 Kg7 28. g4 Rb8 29. R5c2 Rd4 30. h3 Rbd8 31. Bf3 R8d6 32. Kg2 e5 33. Kg3
Rd2 34. Be4 R6d4 35. Bf5 Rxc2 36. Rxc2 Rf4 37. f3 Rd4 38. Rc3 Bc4 39. a3 Bd5
40. Bc2 Kf8 41. Kh4 e4 42. fxe4 Bxe4 43. Bxe4 Rxe4 44. Rxc6 Kg7 45. Ra6 Kg6 46.
Ra5 Rd4 47. Ra6 h5 48. Ra5 hxg4 49. hxg4 Re4 50. Ra6 Kg7 51. Ra5 Rd4 52. Kg3
Rd3+ 53. Kf4 Rxa3 54. Kf5 Ra1 55. g5 fxg5 56. Kxg5 a3 0-1